[Event "Magistral Ciudad de Benavidez 2013"]
[Site "Benavidez, Buenos Aires"]
[Date "2013.05.01"]
[Round "5.5"]
[White "Perez, Maximiliano"]
[Black "Madina Yadarola, Martin"]
[Result "1-0"]
[WhiteElo "2298"]
[BlackElo "2228"]
[PlyCount "107"]
[EventDate "2013.04.28"]

1. e4 c5 2. b3 Nc6 3. Bb2 d6 4. Bb5 Bd7 5. f4 e6 6. Nf3 Nge7 7. O-O a6 8. Bxc6
Nxc6 9. c4 Qc7 10. Kh1 h6 11. d4 cxd4 12. Nxd4 Be7 13. Nc2 O-O-O 14. Nc3 Bf6
15. Qd2 Ne7 16. Nb4 Kb8 17. Rac1 Bc8 18. Nd3 b6 19. Qe2 Bb7 20. Rce1 Nc6 21.
Qf2 Bd4 22. Qd2 Bf6 23. Qf2 Bd4 24. Qe2 Bf6 25. Nd1 Bxb2 26. Qxb2 g5 27. Qf6 g4
28. Ne3 h5 29. f5 Rde8 30. Nf4 Qd8 31. Qxd8+ Nxd8 32. fxe6 fxe6 33. e5 dxe5 34.
Ng6 Rhg8 35. Nxe5 Nc6 36. Nd7+ Ka7 37. Nf6 Nb4 38. Nxg8 Rxg8 39. Rd1 Rg7 40. a3
Nc6 41. b4 h4 42. Rf6 h3 43. Rxe6 g3 44. Nd5 hxg2+ 45. Kxg2 gxh2+ 46. Kxh2 Rg4
47. b5 axb5 48. cxb5 Nd4 49. Re7 Rh4+ 50. Kg1 Nxb5 51. Rb1 Nd6 52. Rxb6 Rg4+
53. Kf2 Rd4 54. Rxd6 1-0

[Event "Magistral Ciudad de Benavidez 2013"]
[Site "Benavidez, Buenos Aires"]
[Date "2013.05.01"]
[Round "6.1"]
[White "Mayorga, Nicolas"]
[Black "Madina Yadarola, Martin"]
[Result "1-0"]
[WhiteElo "2284"]
[BlackElo "2228"]
[Annotator "Doe,John"]
[PlyCount "75"]
[EventDate "2013.04.28"]

1. d4 d5 2. c4 e6 3. Nc3 Be7 4. cxd5 exd5 5. Bf4 c6 6. e3 Bf5 7. g4 Be6 8. Bd3
Nd7 9. f3 g5 10. Bg3 h5 11. gxh5 Ngf6 12. Nge2 Nxh5 13. Qc2 Nb6 14. Be5 Bf6 15.
O-O-O Bxe5 16. dxe5 Qc7 17. f4 O-O-O 18. Rdf1 Kb8 19. Rhg1 gxf4 20. exf4 Bc8
21. Nd4 f6 22. Qe2 Nxf4 23. Rxf4 fxe5 24. Nxc6+ bxc6 25. Rf2 e4 26. Bc2 Rde8
27. Rfg2 Nc4 28. Na4 Ba6 29. Qe1 Ka8 30. Nc5 Qb6 31. b4 Ne5 32. Qc3 Rhf8 33.
Rg7 Bc8 34. Na4 Qa6 35. Qc5 Bd7 36. R1g3 Qf1+ 37. Kb2 Qc4 {Ilegible.} 38. Qd6
1-0

[Event "Magistral Ciudad de Benavidez 2013"]
[Site "Benavidez, Buenos Aires"]
[Date "2013.05.01"]
[Round "6.2"]
[White "Saldano Dayer, Horacio"]
[Black "Perez, Maximiliano"]
[Result "1/2-1/2"]
[WhiteElo "2478"]
[BlackElo "2298"]
[PlyCount "87"]
[EventDate "2013.04.28"]

1. c4 g6 2. g3 Bg7 3. Bg2 Nf6 4. Nc3 O-O 5. e4 c5 6. Nge2 Nc6 7. d3 Ne8 8. Be3
Nd4 9. O-O Nc7 10. Rb1 Nce6 11. a3 d6 12. b4 Nxe2+ 13. Nxe2 Qc7 14. Qd2 Nd4 15.
Nxd4 cxd4 16. Bh6 e5 17. Bxg7 Kxg7 18. f4 Bd7 19. Rf2 a6 20. Rbf1 Rac8 21. fxe5
dxe5 22. Rf6 Be6 23. h4 h5 24. Qg5 Rce8 25. Bf3 Rh8 26. Bd1 Ref8 27. c5 Re8 28.
R6f2 Rh7 29. Kh2 Kg8 30. Rf6 Rg7 31. R1f2 a5 32. g4 hxg4 33. Bxg4 Bxg4 34. Qxg4
axb4 35. axb4 Ra8 36. Rd6 Rd8 37. Rff6 Rf8 38. Qd7 Qb8 39. Qa4 Rh7 40. Kg3 Kg7
41. Qd7 Kh8 42. Qa4 Kg7 43. Qa2 Qc8 44. Qg2 1/2-1/2

[Event "Magistral Ciudad de Benavidez 2013"]
[Site "Benavidez, Buenos Aires"]
[Date "2013.05.01"]
[Round "6.3"]
[White "Leon, Juan Carlos"]
[Black "Tristan, Leonardo"]
[Result "0-1"]
[WhiteElo "2260"]
[BlackElo "2457"]
[PlyCount "96"]
[EventDate "2013.04.28"]

1. e4 e5 2. Nf3 Nc6 3. Nc3 Nf6 4. Bb5 Bd6 5. O-O O-O 6. d3 h6 7. Ne2 Re8 8. Ng3
Bf8 9. Re1 a6 10. Ba4 b5 11. Bb3 Na5 12. Bd2 Nxb3 13. axb3 Bb7 14. c4 g6 15.
Qc1 Kh7 16. Qc2 d6 17. Rec1 c6 18. h3 Bg7 19. Ra5 Rc8 20. Qb1 Nd7 21. Qa2 Nc5
22. Ne1 Ne6 23. Nf3 Rf8 24. Qb1 Qe8 25. Re1 c5 26. Nf1 f5 27. Qd1 Rc7 28. b4
bxc4 29. bxc5 Nxc5 30. d4 Nd3 31. d5 Nxb2 32. Qe2 Nd3 33. Rb1 Qf7 34. Rb6 fxe4
35. Qxe4 Nc5 36. Qh4 Qxd5 37. Bxh6 Rxf3 38. Rxb7 Rxb7 39. Be3+ Kg8 40. gxf3 Rb5
41. Qd8+ Kh7 42. Qh4+ Kg8 43. Qd8+ Bf8 44. Bxc5 Rxc5 45. Rxa6 c3 46. Ra8 Qxa8
47. Qxa8 c2 48. Qa2+ d5 0-1

[Event "Magistral Ciudad de Benavidez 2013"]
[Site "Benavidez, Buenos Aires"]
[Date "2013.05.01"]
[Round "6.4"]
[White "Sanhueza, Cristian"]
[Black "Castillo, Santiago"]
[Result "1/2-1/2"]
[WhiteElo "2215"]
[BlackElo "2167"]
[PlyCount "31"]
[EventDate "2013.04.28"]

1. e4 c5 2. Nf3 d6 3. d4 cxd4 4. Nxd4 Nf6 5. Nc3 a6 6. Be3 e6 7. Be2 b5 8. Bf3
e5 9. Nb3 Bb7 10. O-O Be7 11. Bg5 Nbd7 12. a3 Rc8 13. Qe2 h6 14. Bxf6 Nxf6 15.
Rfd1 Qc7 16. Nd2 1/2-1/2

[Event "Magistral Ciudad de Benavidez 2013"]
[Site "Benavidez, Buenos Aires"]
[Date "2013.05.01"]
[Round "6.5"]
[White "Di Benedetto, Guillermo"]
[Black "Valiente, Cristobal"]
[Result "1/2-1/2"]
[WhiteElo "2267"]
[BlackElo "2232"]
[PlyCount "55"]
[EventDate "2013.04.28"]

1. d4 Nf6 2. c4 e6 3. Nf3 Bb4+ 4. Bd2 a5 5. g3 O-O 6. Bg2 d6 7. O-O Bxd2 8.
Qxd2 Nc6 9. Nc3 e5 10. dxe5 dxe5 11. Rad1 Qxd2 12. Rxd2 Be6 13. b3 Rfd8 14.
Rfd1 Rxd2 15. Rxd2 h6 16. Ne1 Rd8 17. Rxd8+ Nxd8 18. Nd3 Nd7 19. f4 exf4 20.
gxf4 c6 21. e4 f5 22. Kf2 Kf7 23. Ke3 Ke7 24. Kd4 fxe4 25. Nxe4 Bf5 26. Ndc5
Bxe4 27. Nxe4 Ne6+ 28. Ke3 1/2-1/2

[Event "Magistral Ciudad de Benavidez 2013"]
[Site "Benavidez, Buenos Aires"]
[Date "2013.05.02"]
[Round "7.2"]
[White "Castillo, Santiago"]
[Black "Di Benedetto, Guillermo"]
[Result "1/2-1/2"]
[WhiteElo "2167"]
[BlackElo "2267"]
[PlyCount "126"]
[EventDate "2013.04.28"]

1. e4 g6 2. h4 Bg7 3. h5 d5 4. hxg6 hxg6 5. Rxh8 Bxh8 6. exd5 Qxd5 7. Nc3 Qa5
8. Bb5+ c6 9. Bc4 Nf6 10. Qf3 Bg4 11. Qf4 Nbd7 12. Kf1 O-O-O 13. d3 Rf8 14. Bd2
Qe5 15. Re1 Qxf4 16. Bxf4 b5 17. Bb3 b4 18. Na4 Nd5 19. Bh6 Re8 20. Re4 Be6 21.
Bxd5 Bxd5 22. Rxb4 a5 23. Rg4 Ne5 24. Rf4 Bxa2 25. Nc3 Be6 26. Ra4 Kd7 27. Rxa5
Rd8 28. Be3 Ng4 29. Bc5 Rb8 30. Ra7+ Kc8 31. f3 Rxb2 32. Ra8+ Rb8 33. Rxb8+
Kxb8 34. Ne4 Nh6 35. Bxe7 Nf5 36. Bc5 Nd4 37. c3 Nb3 38. Bd6+ Kc8 39. Ne2 f5
40. Nc5 Nxc5 41. Bxc5 Bf6 42. Bd4 Be7 43. Be5 Kd7 44. Kf2 Bf7 45. Ke3 Bg5+ 46.
Kd4 Bd8 47. c4 Bb6+ 48. Kc3 Ba5+ 49. Kb3 Bd2 50. Bc3 Be3 51. Bd4 Bd2 52. Kc2
Ba5 53. Nc1 Bd8 54. Nb3 Be7 55. Kc3 g5 56. Be5 Bg6 57. g3 Bh5 58. f4 gxf4 59.
gxf4 Bg4 60. Kd2 Bb4+ 61. Bc3 Ba3 62. Nd4 Bd6 63. Ke3 Bc5 1/2-1/2

[Event "Magistral Ciudad de Benavidez 2013"]
[Site "Benavidez, Buenos Aires"]
[Date "2013.05.02"]
[Round "7.3"]
[White "Tristan, Leonardo"]
[Black "Sanhueza, Cristian"]
[Result "1-0"]
[WhiteElo "2457"]
[BlackElo "2215"]
[PlyCount "93"]
[EventDate "2013.04.28"]

1. e4 e5 2. Nf3 Nf6 3. d4 Nxe4 4. Bd3 d5 5. dxe5 Nc5 6. O-O Be7 7. Nc3 c6 8.
Nd4 O-O 9. Bf5 Ne6 10. Nxe6 Bxe6 11. Bxe6 fxe6 12. Qg4 Rf5 13. Ne2 Rxe5 14. Ng3
Qf8 15. Bf4 h5 16. Qf3 Nd7 17. Bxe5 Qxf3 18. gxf3 Nxe5 19. f4 Nf3+ 20. Kg2 Nh4+
21. Kh1 g6 22. Rfe1 Kf7 23. Re3 Bc5 24. Rb3 b6 25. Kg1 Ke7 26. a4 Rf8 27. Ne2
g5 28. Rh3 e5 29. b4 Bxb4 30. fxg5 Bc5 31. Kh1 Ng6 32. Rxh5 Rxf2 33. Ng3 Rxc2
34. Rh7+ Ke6 35. Rh6 Kf7 36. Rf1+ Bf2 37. h4 Nf4 38. Rf6+ Kg8 39. Nf5 Bc5 40.
Nh6+ Kg7 41. R1xf4 exf4 42. h5 Rc1+ 43. Kh2 Rc2+ 44. Kh3 Rc3+ 45. Kg4 f3 46.
Rf7+ Kh8 47. g6 1-0

[Event "Magistral Ciudad de Benavidez 2013"]
[Site "Benavidez, Buenos Aires"]
[Date "2013.05.02"]
[Round "7.4"]
[White "Pérez, Maximiliano"]
[Black "León, Juan Carlos"]
[Result "1/2-1/2"]
[WhiteElo "2298"]
[BlackElo "2260"]
[PlyCount "140"]
[EventDate "2013.04.28"]

1. e4 c5 2. Nf3 a6 3. c4 e6 4. d4 cxd4 5. Nxd4 Nf6 6. Bd3 d6 7. Nc3 g6 8. O-O
Bg7 9. Nb3 O-O 10. Qe2 Qc7 11. Rd1 Nbd7 12. Bf4 b6 13. Rac1 Bb7 14. Bb1 Ne5 15.
Nd2 Rac8 16. b3 Rfd8 17. h3 Nfd7 18. Be3 Nc6 19. Nf3 Nc5 20. Bf4 Rd7 21. Qd2
Ne5 22. Ne1 Qd8 23. Qe2 Nc6 24. Nf3 Qf8 25. e5 dxe5 26. Nxe5 Nxe5 27. Bxe5 a5
28. Bxg7 Qxg7 29. Rxd7 Nxd7 30. Be4 Bxe4 31. Nxe4 Nc5 32. Nd6 Rd8 33. Nb5 Qf6
34. Rc3 Qf5 35. Rc1 Qf6 36. Rc3 Qf5 37. Rc1 Qf6 38. Rd1 Rxd1+ 39. Qxd1 Qb2 40.
Qd8+ Kg7 41. Qd4+ Qxd4 42. Nxd4 f5 43. Kf1 e5 44. Nb5 Kf6 45. Nc3 Ke6 46. Ke2
Kd6 47. g4 fxg4 48. hxg4 h5 49. Kf3 Nd3 50. Ne4+ Ke6 51. Ke3 Nc1 52. gxh5 gxh5
53. Nc3 Kf5 54. Kd2 Kf4 55. Kxc1 Kf3 56. Kd2 h4 57. Ke1 h3 58. Ne2 h2 59. Ng3
e4 60. Kf1 e3 61. Nh1 exf2 62. Nxf2 Ke3 63. Ke1 a4 64. b4 Kd4 65. c5 bxc5 66.
b5 Kd5 67. Kd2 c4 68. Kc3 Kc5 69. b6 Kxb6 70. Kxc4 Ka6 1/2-1/2

[Event "Magistral Ciudad de Benavidez 2013"]
[Site "Benavidez, Buenos Aires"]
[Date "2013.05.03"]
[Round "8.1"]
[White "Mayorga, Nicolas"]
[Black "Saldano Dayer, Horacio"]
[Result "1/2-1/2"]
[WhiteElo "2284"]
[BlackElo "2478"]
[PlyCount "168"]
[EventDate "2013.04.28"]

1. d4 Nf6 2. c4 g6 3. Nc3 Bg7 4. e4 O-O 5. Nf3 c6 6. e5 Ne8 7. Bg5 d6 8. exd6
Nxd6 9. Be2 Be6 10. d5 cxd5 11. cxd5 Bg4 12. O-O Bxf3 13. Bxf3 Nd7 14. Re1 Re8
15. Ne4 Qb6 16. Nxd6 exd6 17. Rxe8+ Rxe8 18. Qa4 Qxb2 19. Rf1 b5 20. Qxa7 Bd4
21. Qa5 b4 22. Be3 Bxe3 23. fxe3 Ne5 24. Qb6 Qd2 25. Qd4 Nxf3+ 26. Rxf3 Qe1+
27. Rf1 Qxe3+ 28. Qxe3 Rxe3 29. Rf6 Ra3 30. Rxd6 Rxa2 31. Rb6 Rd2 32. Rxb4 Rxd5
33. Kf2 Rd2+ 34. Kf3 Kg7 35. Rb6 g5 36. h4 gxh4 37. Rb4 h3 38. gxh3 Rd3+ 39.
Kg2 h5 40. h4 Kg6 41. Rb5 f6 42. Kh2 Re3 43. Kg2 Re5 44. Rb4 Rc5 45. Rf4 Kf7
46. Re4 Re5 47. Ra4 Ke6 48. Kf3 Rb5 49. Re4+ Kf5 50. Rf4+ Kg6 51. Ra4 Rb3+ 52.
Kg2 Rd3 53. Rb4 Rd5 54. Kf3 Kf5 55. Rf4+ Ke5 56. Re4+ Kd6 57. Rb4 Ke5 58. Re4+
Kd6 59. Ra4 Re5 60. Rb4 Ke7 61. Rc4 Kf7 62. Ra4 Rc5 63. Rd4 Re5 64. Rb4 Rd5 65.
Rc4 Rd3+ 66. Kg2 f5 67. Rc6 Rd4 68. Kh3 Kg7 69. Rc7+ Kf6 70. Rc6+ Ke5 71. Rh6
Rd3+ 72. Kg2 f4 73. Rxh5+ Ke4 74. Ra5 Rd2+ 75. Kf1 Kf3 76. Ra3+ Kg4 77. Rb3 Rh2
78. Kg1 Rxh4 79. Kg2 Rh8 80. Ra3 Rb8 81. Rd3 Rb2+ 82. Kf1 Ra2 83. Rc3 f3 84.
Rc8 Ra1+ 1/2-1/2

[Event "Magistral Ciudad de Benavidez 2013"]
[Site "Benavidez, Buenos Aires"]
[Date "2013.05.03"]
[Round "8.2"]
[White "Leon, Juan Carlos"]
[Black "Madina Yadarola, Martin"]
[Result "1-0"]
[WhiteElo "2260"]
[BlackElo "2228"]
[PlyCount "129"]
[EventDate "2013.04.28"]

1. e4 g6 2. d4 Bg7 3. Nc3 c6 4. Nf3 d6 5. a4 Qc7 6. Be2 Nd7 7. O-O e5 8. Be3
Ngf6 9. dxe5 dxe5 10. h3 O-O 11. Qd2 Re8 12. Rfd1 Bf8 13. Bc4 Nc5 14. Ng5 Ne6
15. Qe2 h6 16. Nxe6 Bxe6 17. Bxe6 Rxe6 18. Qc4 Qa5 19. f3 Kg7 20. Kh2 Qb4 21.
Qxb4 Bxb4 22. Ne2 Ba5 23. c4 Bb4 24. c5 Ba5 25. Kg1 Ree8 26. Nc1 Rad8 27. Nb3
Rxd1+ 28. Rxd1 Rd8 29. Rxd8 Bxd8 30. Kf2 h5 31. Nd2 Nd7 32. Nc4 Bc7 33. Ke2 f5
34. Kd3 Kf7 35. b4 a6 36. Nd2 Ke6 37. Kc4 Nf6 38. Bg5 Ne8 39. Bh4 f4 40. Nb3
Kd7 41. Nc1 Ke6 42. Nd3 Bb8 43. b5 axb5+ 44. axb5 cxb5+ 45. Kxb5 Ba7 46. Bd8
Kd7 47. Ba5 Ke6 48. Bc3 Nc7+ 49. Kc4 b5+ 50. cxb6 Bxb6 51. Bxe5 g5 52. h4 gxh4
53. Bxf4 Ne8 54. Nc5+ Kf7 55. Bg5 h3 56. gxh3 Ng7 57. Bd2 Ne8 58. Kb5 Bd8 59.
Kc6 Be7 60. Nd7 Ba3 61. Ne5+ Ke6 62. Nc4 Be7 63. f4 Bf6 64. f5+ Kf7 65. Nd6+
1-0

[Event "Magistral Ciudad de Benavidez 2013"]
[Site "Benavidez, Buenos Aires"]
[Date "2013.05.03"]
[Round "8.3"]
[White "Sanhueza, Cristian"]
[Black "Perez, Maximiliano"]
[Result "1/2-1/2"]
[WhiteElo "2215"]
[BlackElo "2298"]
[PlyCount "29"]
[EventDate "2013.04.28"]

1. d4 d5 2. c4 c6 3. cxd5 cxd5 4. Nc3 Nf6 5. Nf3 Nc6 6. Bf4 a6 7. e3 Bg4 8. Be2
e6 9. Ne5 Nxe5 10. Bxe5 Bxe2 11. Qxe2 Nd7 12. Bg3 Bb4 13. O-O O-O 14. Rfc1 Rc8
15. Nd1 1/2-1/2

[Event "Magistral Ciudad de Benavidez 2013"]
[Site "Benavidez, Buenos Aires"]
[Date "2013.05.03"]
[Round "8.4"]
[White "Di Benedetto, Guillermo"]
[Black "Tristan, Leonardo"]
[Result "1-0"]
[WhiteElo "2267"]
[BlackElo "2457"]
[PlyCount "117"]
[EventDate "2013.04.28"]

1. d4 Nf6 2. c4 e6 3. Nf3 d5 4. g3 Bb4+ 5. Bd2 Bd6 6. Bg2 Nbd7 7. Qc2 c6 8. O-O
O-O 9. Rd1 Ne4 10. Nc3 f5 11. Nxe4 fxe4 12. Ne1 h5 13. f3 h4 14. fxe4 hxg3 15.
Nf3 gxh2+ 16. Kh1 Bf4 17. e5 Bxd2 18. Rxd2 Rf5 19. Bh3 Rh5 20. Bg4 Rh6 21. e3
Qe8 22. Rxh2 Qg6 23. Qxg6 Rxg6 24. Bh5 Rh6 25. Ng5 Nf8 26. Rf1 Bd7 27. Nf7 Rh7
28. Nd6 dxc4 29. Bf7+ Kh8 30. Be8 Rxh2+ 31. Kxh2 Kg8 32. Bf7+ Kh8 33. Kg3 g6
34. Be8 Kg8 35. Bxd7 Nxd7 36. Rf7 Rd8 37. Re7 b5 38. Rxe6 Nb6 39. Ne4 Nd5 40.
Rxc6 Nxe3 41. Kf4 Nd5+ 42. Kg5 Ne7 43. Rd6 Rxd6 44. exd6 Nc6 45. d5 Nb8 46. Kf6
Kf8 47. Ke6 Ke8 48. Nc5 b4 49. d7+ Nxd7 50. Nxd7 c3 51. bxc3 bxc3 52. Ne5 c2
53. Nd3 Kd8 54. d6 g5 55. d7 c1=Q 56. Nxc1 g4 57. Kd6 g3 58. Ne2 g2 59. Nd4 1-0

[Event "Magistral Ciudad de Benavidez 2013"]
[Site "Benavidez, Buenos Aires"]
[Date "2013.05.03"]
[Round "8.5"]
[White "Valiente, Cristobal"]
[Black "Castillo, Santiago"]
[Result "1/2-1/2"]
[WhiteElo "2232"]
[BlackElo "2167"]
[PlyCount "72"]
[EventDate "2013.04.28"]

1. Nf3 Nf6 2. g3 c5 3. Bg2 Nc6 4. d4 cxd4 5. Nxd4 g6 6. O-O Bg7 7. c4 O-O 8.
Nc3 Qb6 9. Nc2 d6 10. b3 Bf5 11. Qd2 Bxc2 12. Qxc2 Rac8 13. Bb2 Rfd8 14. Rad1
Qa5 15. a3 a6 16. Nd5 Nxd5 17. Rxd5 Qc7 18. Bxg7 Kxg7 19. Rfd1 Kg8 20. h4 Ne5
21. Qd2 Qb6 22. Qb4 Qxb4 23. axb4 Nc6 24. b5 Nb4 25. bxa6 bxa6 26. Ra5 Rb8 27.
f4 Rdc8 28. Kf2 Rb6 29. h5 Kg7 30. hxg6 hxg6 31. Bf3 Rc7 32. g4 f6 33. g5 f5
34. e4 e6 35. e5 dxe5 36. fxe5 Kf7 1/2-1/2

[Event "Magistral Ciudad de Benavidez 2013"]
[Site "Benavidez, Buenos Aires"]
[Date "2013.05.04"]
[Round "9.1"]
[White "Castillo, Santiago"]
[Black "Mayorga, Nicolas"]
[Result "1/2-1/2"]
[WhiteElo "2167"]
[BlackElo "2284"]
[PlyCount "121"]
[EventDate "2013.04.28"]

1. e4 c5 2. Nf3 d6 3. d4 cxd4 4. Nxd4 Nf6 5. Nc3 a6 6. Bg5 e6 7. f4 Be7 8. Qf3
Qc7 9. O-O-O h6 10. Bh4 Nbd7 11. Kb1 b5 12. Bd3 Bb7 13. g4 g5 14. fxg5 Ne5 15.
Qe2 Nfxg4 16. h3 hxg5 17. Bxg5 Bxg5 18. hxg4 O-O-O 19. Nf3 Bf6 20. Nxe5 Bxe5
21. Qf3 Qe7 22. Rhf1 Rd7 23. Ne2 Rg8 24. Nc1 Qg5 25. Be2 Qg6 26. Qa3 Qxe4 27.
Bf3 Qa4 28. Bxb7+ Rxb7 29. Qf3 Qxg4 30. Qc6+ Kb8 31. Qxa6 Rc8 32. Nd3 Qa4 33.
Qxa4 bxa4 34. a3 Rc6 35. Nb4 Rcb6 36. c3 f5 37. Kc1 d5 38. Nd3 Bg7 39. Nb4 Rc7
40. Kb1 Rc4 41. Rg1 Bh6 42. Rd3 Rh4 43. Rg6 Kc7 44. Rxd5 Rd6 45. Rc5+ Kd7 46.
Rg2 Rh1+ 47. Ka2 Rdd1 48. Nc2 Be3 49. Ra5 Bh6 50. Rxa4 e5 51. Ra7+ Kc6 52. Rg6+
Kc5 53. Rc7+ Kd5 54. Rd7+ Ke4 55. Rxh6 Rxd7 56. Rxh1 f4 57. a4 f3 58. Rh4+ Kd3
59. Nb4+ Ke3 60. Nc2+ Kd3 61. Nb4+ 1/2-1/2

[Event "Magistral Ciudad de Benavidez 2013"]
[Site "Benavidez, Buenos Aires"]
[Date "2013.05.04"]
[Round "9.2"]
[White "Tristan, Leonardo"]
[Black "Valiente, Cristobal"]
[Result "1-0"]
[WhiteElo "2457"]
[BlackElo "2232"]
[PlyCount "91"]
[EventDate "2013.04.28"]

1. d4 d5 2. c4 c6 3. cxd5 cxd5 4. Nc3 Nf6 5. Bf4 Nc6 6. e3 e6 7. Bd3 Be7 8. Nf3
O-O 9. O-O a6 10. Rc1 Bd7 11. h3 Rc8 12. Bh2 b5 13. a4 b4 14. Nb1 Qb6 15. Nbd2
Na5 16. Ne5 Rxc1 17. Qxc1 Bxa4 18. Nxf7 Kxf7 19. Bc7 Qb7 20. Bxa5 Rc8 21. Qb1
Bb5 22. Nf3 Ne4 23. Ne5+ Kf8 24. Rc1 Bxd3 25. Nxd3 Nd2 26. Rxc8+ Qxc8 27. Qd1
Nc4 28. Bxb4 Bxb4 29. Nxb4 Nxb2 30. Qb1 Qc3 31. Nxa6 Nd3 32. Qb8+ Kf7 33. Qb7+
Kg6 34. Qb6 Qc1+ 35. Kh2 Nf4 36. Qd6 Nh5 37. Nc7 Qc2 38. Nxe6 Nf6 39. Qg3+ Kf7
40. Ng5+ Ke7 41. Qe5+ Kd7 42. Qe6+ Kd8 43. Nf7+ Kc7 44. Qd6+ Kb7 45. Nd8+ Kc8
46. Ne6 1-0

[Event "Magistral Ciudad de Benavidez 2013"]
[Site "Benavidez, Buenos Aires"]
[Date "2013.05.04"]
[Round "9.3"]
[White "Perez, Maximiliano"]
[Black "Di Benedetto, Guillermo"]
[Result "1/2-1/2"]
[WhiteElo "2298"]
[BlackElo "2267"]
[PlyCount "81"]
[EventDate "2013.04.28"]

1. e4 g6 2. d4 Bg7 3. Nc3 c6 4. Nf3 d5 5. h3 Nh6 6. Bf4 O-O 7. Bd3 f6 8. Qe2
Nf7 9. e5 Be6 10. exf6 exf6 11. O-O Re8 12. Rfe1 Nd7 13. Qd2 Nf8 14. Re2 Qd7
15. Rae1 Rad8 16. a4 Qc8 17. a5 Bd7 18. Na4 Rxe2 19. Rxe2 Ne6 20. Be3 Re8 21.
b3 f5 22. Nc5 Nd6 23. Nxe6 Rxe6 24. Bf4 Ne4 25. Qe1 c5 26. c4 Bc6 27. Be3 b6
28. axb6 axb6 29. b4 Bb7 30. bxc5 bxc5 31. dxc5 Nc3 32. Qd2 d4 33. Nxd4 Bxd4
34. Bxd4 Qc6 35. f3 Nxe2+ 36. Bxe2 Qd7 37. Kf1 Bc6 38. Qf4 Qe7 39. Qd2 Qd7 40.
Qb2 Qb7 41. Qd2 1/2-1/2

[Event "Magistral Ciudad de Benavidez 2013"]
[Site "Benavidez, Buenos Aires"]
[Date "2013.05.04"]
[Round "9.4"]
[White "Madina Yadarola, Martin"]
[Black "Sanhueza, Cristian"]
[Result "0-1"]
[WhiteElo "2228"]
[BlackElo "2215"]
[PlyCount "50"]
[EventDate "2013.04.28"]

1. g3 Nf6 2. Bg2 g6 3. e4 d6 4. d4 Bg7 5. Ne2 O-O 6. O-O e5 7. h3 Nc6 8. Be3
exd4 9. Nxd4 d5 10. Nxc6 bxc6 11. exd5 cxd5 12. Nc3 c6 13. Bd4 Re8 14. Re1
Rxe1+ 15. Qxe1 Bf5 16. g4 Bxc2 17. Qe2 Be4 18. f3 Nxg4 19. Bxg7 Qb6+ 20. Kh1
Bd3 21. Qe1 Nf2+ 22. Kg1 Nxh3+ 23. Kh2 Kxg7 24. Nxd5 cxd5 25. Qc3+ Qf6 0-1

[Event "Magistral Ciudad de Benavidez 2013"]
[Site "Benavidez, Buenos Aires"]
[Date "2013.05.04"]
[Round "9.5"]
[White "Saldano Dayer, Horacio"]
[Black "Leon, Juan Carlos"]
[Result "1/2-1/2"]
[WhiteElo "2478"]
[BlackElo "2260"]
[PlyCount "50"]
[EventDate "2013.04.28"]

1. e4 c5 2. Nf3 Nc6 3. Bb5 e6 4. O-O Nge7 5. Re1 a6 6. Bxc6 Nxc6 7. d4 cxd4 8.
Nxd4 Be7 9. Nxc6 dxc6 10. Qg4 g6 11. e5 f5 12. exf6 Bxf6 13. Nd2 O-O 14. Ne4 e5
15. Qe2 Bf5 16. Bh6 Re8 17. Qc4+ Be6 18. Qb4 b5 19. Rad1 Qe7 20. Qd6 Rac8 21.
Qxe7 Bxe7 22. Nd6 Bxd6 23. Rxd6 Kf7 24. Rxe5 Rcd8 25. Rxd8 Rxd8 1/2-1/2